| 000 -ლიდერი |
| ფიქსირებული სიგრძის საკონტროლო ველი |
01292nam a2200205Ia 4500 |
| 001 - საკონტროლო ნომერი |
| საკონტროლო ველი |
20579 |
| 003 - საკონტროლო ნომრის იდენტიფიკატორი |
| საკონტროლო ველი |
GE_BSU |
| 005 - ბოლო ოპერაციის თარიღი და დრო |
| საკონტროლო ველი |
20210224000912.0 |
| 008 - ფიქსირებული სიგრძის მონაცემთა ელემენტები - ზოგადი ინფორმაცია |
| ფიქსირებული სიგრძის საკონტროლო ველი |
181216s2015||||ge |||||||||||||| ||geo|| |
| 040 ## - კატალოგიზაციის წყარო |
| Transcribing agency |
GE_BSU |
| 041 ## - ენის კოდი |
| Language code of text/sound track or separate title |
geo |
| 080 ## - უნივერსალური ათობითი კლასიფიკაციის ინდექსი |
| Universal Decimal Classification number |
504.4 +371.315.7 ბ-96 |
| 245 ## - ცნობა სათაურის შესახებ |
| Title |
ბუნებრივი კატასტროფების რისკის შემცირება ინკლუზიური განათლების კონტექსტში : |
| Remainder of title |
პრაქტიკული გზამკვლევი მასწავლებლებისთვის / |
| Statement of responsibility, etc |
გზამკვლებზე მუშაობდნენ : რ. ლორთქიფანიძე, ნ. რუხაძე,რ. თევზაძე და სხვ. ; |
| 264 ## - წარმოების, გამოცემის, დისტრიბუციის და სხვა ცნობები |
| გამოცემის, წარმოების, დისტრიბუციის... ადგილი |
თბილისი : |
| გამოცემის, წარმოების, დისტრიბუციის... სახელწოდება |
?, |
| გამოცემის, წარმოების, დისტრიბუციის... თარიღი |
2015. |
| 300 ## - ფიზიკური აღწერა |
| Extent |
129 გვ. ; |
| Dimensions |
30 სმ. |
| 653 ## - INDEX TERM--UNCONTROLLED |
| Uncontrolled term |
ბუნებრივი კატასტროფების რისკის შემცირება ინკლუზიური განათლების კონტექსტში |
| 653 ## - INDEX TERM--UNCONTROLLED |
| Uncontrolled term |
პრაქტიკული გზამკვლევი მასწავლებლებისთვის |
| 942 ## - ADDED ENTRY ELEMENTS (KOHA) |
| Koha item type |
წიგნი |
| Source of classification or shelving scheme |
|